EMEA office market overview (Record no. 109461)

MARC details
000 -LEADER
fixed length control field 01407cad a22002655a 4500
001 - CONTROL NUMBER
control field E147150
008 - FIXED-LENGTH DATA ELEMENTS--GENERAL INFORMATION
fixed length control field 090407s2009 xxkd f 000 0 eng d
035 ## - SYSTEM CONTROL NUMBER
System control number (Sirsi) u147150
041 0# - LANGUAGE CODE
Language code of text/sound track or separate title eng
050 04 - LIBRARY OF CONGRESS CALL NUMBER
Classification number 333.33 $2 18
110 2# - MAIN ENTRY--CORPORATE NAME
Corporate name or jurisdiction name as entry element Colliers International Property Consultants
9 (RLIN) 1881
245 00 - TITLE STATEMENT
Title EMEA office market overview
Remainder of title 2009
Medium [electronic resource]
260 ## - PUBLICATION, DISTRIBUTION, ETC.
Place of publication, distribution, etc. London
Name of publisher, distributor, etc. Colliers
Date of publication, distribution, etc. 2009
490 #0 - SERIES STATEMENT
Series statement Colliers EMEA Office Market Overview
Volume/sequential designation 2009
520 ## - SUMMARY, ETC.
Summary, etc. Suggests that average Class A rents in the EMEA region fell by 6% in H2 2008, and predicts further reductions in 2009. Although some major markets (including Copenhagen, Frankfurt, Munich, Rome, and Abu Dhabi) saw rises in rents in the latter half of 2008, the prediction for 2009 is that the trend will be more uniform, and rents are forecast to fall in most cities included in the survey. Landlords are responding to the situation by offering greater incentives and rent free periods, whilst tenants are trying to reduce costs by looking for offices which are "move in ready".
521 ## - TARGET AUDIENCE NOTE
Target audience note Advanced
590 ## - LOCAL NOTE (RLIN)
Local note KA
650 24 - SUBJECT ADDED ENTRY--TOPICAL TERM
Topical term or geographic name entry element COLLIERS EMEA OFFICE MARKET OVERVIEW
651 #4 - SUBJECT ADDED ENTRY--GEOGRAPHIC NAME
Geographic name Europe
651 #4 - SUBJECT ADDED ENTRY--GEOGRAPHIC NAME
Geographic name Middle East
651 #4 - SUBJECT ADDED ENTRY--GEOGRAPHIC NAME
Geographic name South Africa
690 ## - LOCAL SUBJECT ADDED ENTRY--TOPICAL TERM (OCLC, RLIN)
Topical term or geographic name as entry element PROPERTY-COMMERCIAL PROPERTY-COMMERCIAL PROPERTY MARKET
856 40 - ELECTRONIC LOCATION AND ACCESS
Uniform Resource Identifier <a href="https://www.colliers.com">https://www.colliers.com</a>
Public note View the report free of charge at www.colliers.com...
942 ## - ADDED ENTRY ELEMENTS (KOHA)
Suppress in OPAC 0
Holdings
Withdrawn status Lost status Source of classification or shelving scheme Damaged status Not for loan Home library Current library Shelving location Date acquired Total Checkouts Full call number Barcode Date last seen Copy number Price effective from Koha item type
    Dewey Decimal Classification     Virtual Virtual Online 07/04/2009   ONLINE PUBLICATION 147150-2001 06/08/2019 1 06/08/2019 Book